Probabilidades y diferencias finitas

Сохранить в:
Библиографические подробности
Главный автор: González Galé, José (Автор)
Формат:
Язык:испанский
Опубликовано: Buenos Aires Macchi 1968
Предметы:
Метки: Добавить метку
Нет меток, Требуется 1-ая метка записи!

MARC

LEADER 00000nam a2200000 a 4500
001 UCQ1133
003 CL-VaPUC
008 980709e19680000AG |||||||||||||||||spa|d
082 0 4 |a 519.2  |b GON  |2 21 
100 0 |a González Galé, José  |e author  |9 414735 
245 1 0 |a Probabilidades y diferencias finitas 
300 |a 144 p 
942 |c BK 
945 |d 19980709 00:00:00  |a cmena 
260 |a Buenos Aires  |b Macchi  |c 1968 
650 0 |a Matemática aplicada   |9 260236 
650 0 |a Probabilidades   |9 260199 
650 0 |a Ecuaciones diferenciales  |9 260083 
650 0 |a Integrales   |9 260233 
583 |a last modification  |c 19980709 00:00:00  |k Rodrigo Vera 
999 |c 272137  |d 272135 
952 |0 0  |1 0  |4 0  |6 519_200000000000000_GON_1968  |7 0  |8 A  |9 307006  |a BIBGIM  |b BIBGIM  |d 2019-11-20  |i 1433504  |o 519.2 GON 1968  |p 1433504  |r 2025-01-15  |w 2019-11-20  |y BK  |k COM